<?xml version="1.0" encoding="UTF-8"?>
<record
    xmlns:xsi="http://www.w3.org/2001/XMLSchema-instance"
    xsi:schemaLocation="http://www.loc.gov/MARC21/slim http://www.loc.gov/standards/marcxml/schema/MARC21slim.xsd"
    xmlns="http://www.loc.gov/MARC21/slim">

  <leader>03428njm a2200505Ia 4500</leader>
  <controlfield tag="001">E7211</controlfield>
  <controlfield tag="003">IT-RoPAU</controlfield>
  <controlfield tag="005">20220918181139.0</controlfield>
  <controlfield tag="008">131025s9999    xx            000 0 und d</controlfield>
  <datafield tag="040" ind1=" " ind2=" ">
    <subfield code="a">IT-RoPAU</subfield>
  </datafield>
  <datafield tag="040" ind1=" " ind2=" ">
    <subfield code="c">IT-RoPAU</subfield>
  </datafield>
  <datafield tag="041" ind1=" " ind2=" ">
    <subfield code="a">INGLESE</subfield>
  </datafield>
  <datafield tag="999" ind1=" " ind2=" ">
    <subfield code="c">101121</subfield>
    <subfield code="d">101121</subfield>
  </datafield>
  <datafield tag="999" ind1=" " ind2=" ">
    <subfield code="b">n.d.</subfield>
  </datafield>
  <datafield tag="100" ind1=" " ind2=" ">
    <subfield code="a">AA.VV.</subfield>
    <subfield code="9">794</subfield>
  </datafield>
  <datafield tag="100" ind1=" " ind2=" ">
    <subfield code="e">Autore musica</subfield>
    <subfield code="9">31883</subfield>
  </datafield>
  <datafield tag="100" ind1=" " ind2=" ">
    <subfield code="g">Codice autore musica SPICS: 12000</subfield>
    <subfield code="9">796</subfield>
  </datafield>
  <datafield tag="245" ind1=" " ind2=" ">
    <subfield code="a">Romeo &amp; Giulietta di William Shakespeare</subfield>
  </datafield>
  <datafield tag="250" ind1=" " ind2=" ">
    <subfield code="a">1a ed.</subfield>
  </datafield>
  <datafield tag="260" ind1=" " ind2=" ">
    <subfield code="a">USA</subfield>
  </datafield>
  <datafield tag="260" ind1=" " ind2=" ">
    <subfield code="b">CAPITOL RECORDS</subfield>
    <subfield code="c">1996 [1a Ed.:]</subfield>
  </datafield>
  <datafield tag="300" ind1=" " ind2=" ">
    <subfield code="a">COMPACT DISC</subfield>
  </datafield>
  <datafield tag="300" ind1=" " ind2=" ">
    <subfield code="c">52 minuti (Testo:  pag.)</subfield>
  </datafield>
  <datafield tag="500" ind1=" " ind2=" ">
    <subfield code="a">Colonna sonora del film omonimo. Cd ibrido; &#xE8; anche cd-rom</subfield>
  </datafield>
  <datafield tag="505" ind1=" " ind2=" ">
    <subfield code="a">1 Crush [(Garbage) (5:00)] - Local God [(Everclear) (4:00)] - Angel [(Friday Gavin) (5:00)] - Pretty Piece of Flesh [(One Inch Punch) (5:00)] - Kissing You [(Love Theme From Romeo &amp; Juliet) (Des'Ree) (5:00)] - Whatever [(I Had A Dream) (Butthole Surfers) (5:00)] - Lovefool [(The Cardigans) (4:00)] - Young Hearts Run Free [(Mazelle Kym) (5:00)] - Young Hearts Run Free [(Quindon Tarver) (2:00)] - To You I Bestow [(Mundy) (4:00)] - Talk Show Host [(Radiohead) (5:00)] - Little Star [(Nordenstam Stina) (4:00)] - You and Me Song [(The Wannadies) (3:00)]</subfield>
  </datafield>
  <datafield tag="650" ind1=" " ind2=" ">
    <subfield code="a">COLONNA SONORA [COMPACT DISC]</subfield>
    <subfield code="e">Codice MATERIA SPICS: 9949</subfield>
    <subfield code="9">31884</subfield>
  </datafield>
  <datafield tag="700" ind1=" " ind2=" ">
    <subfield code="a">Garbage</subfield>
    <subfield code="d">Codice autore testo/musica SPICS: 49209</subfield>
    <subfield code="e">Autore testo/musica</subfield>
    <subfield code="p">1 Crush</subfield>
    <subfield code="9">31885</subfield>
  </datafield>
  <datafield tag="700" ind1=" " ind2=" ">
    <subfield code="a">Alexakis Art</subfield>
    <subfield code="d">Codice autore musica SPICS: 49210</subfield>
    <subfield code="e">Autore musica</subfield>
    <subfield code="p">Local God</subfield>
    <subfield code="9">31886</subfield>
  </datafield>
  <datafield tag="700" ind1=" " ind2=" ">
    <subfield code="a">Everclear</subfield>
    <subfield code="d">Codice autore testo/musica SPICS: 49211</subfield>
    <subfield code="e">Autore testo/musica</subfield>
    <subfield code="p">Local God</subfield>
    <subfield code="9">31887</subfield>
  </datafield>
  <datafield tag="700" ind1=" " ind2=" ">
    <subfield code="a">Friday Gavin</subfield>
    <subfield code="d">Codice autore musica SPICS: 49212</subfield>
    <subfield code="e">Autore musica</subfield>
    <subfield code="p">Angel</subfield>
    <subfield code="9">31888</subfield>
  </datafield>
  <datafield tag="700" ind1=" " ind2=" ">
    <subfield code="a">Seezer Maurice</subfield>
    <subfield code="d">Codice autore testo/musica SPICS: 49213</subfield>
    <subfield code="e">Autore testo/musica</subfield>
    <subfield code="p">Angel</subfield>
    <subfield code="9">31889</subfield>
  </datafield>
  <datafield tag="700" ind1=" " ind2=" ">
    <subfield code="a">Hooper Nellee</subfield>
    <subfield code="d">Codice autore musica SPICS: 49215</subfield>
    <subfield code="e">Autore musica</subfield>
    <subfield code="p">Pretty Piece of Flesh</subfield>
    <subfield code="9">31890</subfield>
  </datafield>
  <datafield tag="700" ind1=" " ind2=" ">
    <subfield code="a">One Inch Punch</subfield>
    <subfield code="d">Codice autore testo/musica SPICS: 49214</subfield>
    <subfield code="e">Autore testo/musica</subfield>
    <subfield code="p">Pretty Piece of Flesh</subfield>
    <subfield code="9">31891</subfield>
  </datafield>
  <datafield tag="700" ind1=" " ind2=" ">
    <subfield code="a">Des'Ree</subfield>
    <subfield code="d">Codice autore musica SPICS: 47136</subfield>
    <subfield code="e">Autore musica</subfield>
    <subfield code="p">Kissing You (Love Theme From Romeo &amp; Juliet)</subfield>
    <subfield code="9">31892</subfield>
  </datafield>
  <datafield tag="700" ind1=" " ind2=" ">
    <subfield code="a">Atack Tim</subfield>
    <subfield code="d">Codice autore testo/musica SPICS: 49216</subfield>
    <subfield code="e">Autore testo/musica</subfield>
    <subfield code="p">Kissing You (Love Theme From Romeo &amp; Juliet)</subfield>
    <subfield code="9">31893</subfield>
  </datafield>
  <datafield tag="700" ind1=" " ind2=" ">
    <subfield code="a">Butthole Surfers</subfield>
    <subfield code="d">Codice autore testo/musica SPICS: 49217</subfield>
    <subfield code="e">Autore testo/musica</subfield>
    <subfield code="p">Whatever (I Had A Dream)</subfield>
    <subfield code="9">31894</subfield>
  </datafield>
  <datafield tag="700" ind1=" " ind2=" ">
    <subfield code="a">Svensson Peter</subfield>
    <subfield code="d">Codice autore testo/musica SPICS: 49219</subfield>
    <subfield code="e">Autore testo/musica</subfield>
    <subfield code="p">Lovefool</subfield>
    <subfield code="9">31895</subfield>
  </datafield>
  <datafield tag="700" ind1=" " ind2=" ">
    <subfield code="a">Crawford David</subfield>
    <subfield code="d">Codice autore testo/musica SPICS: 49221</subfield>
    <subfield code="e">Autore testo/musica</subfield>
    <subfield code="p">Young Hearts Run Free</subfield>
    <subfield code="9">31896</subfield>
  </datafield>
  <datafield tag="700" ind1=" " ind2=" ">
    <subfield code="a">Cox Tim</subfield>
    <subfield code="d">Codice autore musica SPICS: 49223</subfield>
    <subfield code="e">Autore musica</subfield>
    <subfield code="p">Everybody's Free (To Feel Good)</subfield>
    <subfield code="9">31897</subfield>
  </datafield>
  <datafield tag="700" ind1=" " ind2=" ">
    <subfield code="a">Swanston Nigel</subfield>
    <subfield code="d">Codice autore testo/musica SPICS: 49224</subfield>
    <subfield code="e">Autore testo/musica</subfield>
    <subfield code="p">Everybody's Free (To Feel Good)</subfield>
    <subfield code="9">31898</subfield>
  </datafield>
  <datafield tag="700" ind1=" " ind2=" ">
    <subfield code="a">Mundy</subfield>
    <subfield code="d">Codice autore testo/musica SPICS: 20407</subfield>
    <subfield code="e">Autore testo/musica</subfield>
    <subfield code="p">To You I Bestow</subfield>
    <subfield code="9">31899</subfield>
  </datafield>
  <datafield tag="700" ind1=" " ind2=" ">
    <subfield code="a">Radiohead</subfield>
    <subfield code="d">Codice autore testo/musica SPICS: 49154</subfield>
    <subfield code="e">Autore testo/musica</subfield>
    <subfield code="p">Talk Show Host</subfield>
    <subfield code="9">31900</subfield>
  </datafield>
  <datafield tag="700" ind1=" " ind2=" ">
    <subfield code="a">Nordenstam Stina</subfield>
    <subfield code="d">Codice autore testo/musica SPICS: 49225</subfield>
    <subfield code="e">Autore testo/musica</subfield>
    <subfield code="p">Little Star</subfield>
    <subfield code="9">31901</subfield>
  </datafield>
  <datafield tag="700" ind1=" " ind2=" ">
    <subfield code="a">Wannadies (The)</subfield>
    <subfield code="d">Codice autore testo/musica SPICS: 49226</subfield>
    <subfield code="e">Autore testo/musica</subfield>
    <subfield code="p">You and Me Song</subfield>
    <subfield code="9">31902</subfield>
  </datafield>
  <datafield tag="942" ind1=" " ind2=" ">
    <subfield code="c">CD</subfield>
    <subfield code="2">ddc</subfield>
  </datafield>
  <datafield tag="952" ind1=" " ind2=" ">
    <subfield code="0">0</subfield>
    <subfield code="1">0</subfield>
    <subfield code="4">0</subfield>
    <subfield code="6">E_7211_000000000000000</subfield>
    <subfield code="7">1</subfield>
    <subfield code="a">SPICS</subfield>
    <subfield code="b">SPICS</subfield>
    <subfield code="d">2013-10-25</subfield>
    <subfield code="l">0</subfield>
    <subfield code="o">E7211</subfield>
    <subfield code="r">2013-10-25 00:00:00</subfield>
    <subfield code="w">2013-10-25</subfield>
    <subfield code="y">CD</subfield>
    <subfield code="z">Progr. Ins.: 2722 / N.Vol.: 1 / Copie: 1 - Copia rara: n.d. / date import: 01.01.2014 - By Epidotti, Trombetti, Vaglietti</subfield>
  </datafield>
</record>
